00941 a2200217 45000010006000000050017000060080041000230030015000640400040000790800045001192450010001640200018001742640060001923000019002525050270002719420007005415900036005481000018005849990015006029520106006175441120260407155817.0260407a1984 arg spa dAR-UNSa-BCEJYS aAR-UNSa-BCEJYSbspacAR-UNSa-BCEJYS a329PJxPartido Justicialista (Peronismo)10aEl 45 a84-499-7474-7 1aBuenos Aires :bHyspámerica Ediciones Argentinac1984 a529 p.c20 cm. aI. El camino de la oposición (Abrril-Setiembre 1945) - II.El camino de Perón (Abril-Setiembre 1945) - III. El huracán de la historia (Setiembre-Octubre) - IV. La Unión Soviética (Noviembre 1945-Febrero 1946) - V. El Peronismo (Noviembre 1945-Febrero 1946) cBK aniveau_biblio:m niveau_hierar:01 aLuna, Félix c5568d5568 00104070aBCEJYSbBCEJYSc16d2026-04-07l0o329PJ L961pL69712r2026-04-07 15:58:17w2026-04-07yL